000 00591nam a2200205Ia 4500
005 20230717111512.0
008 131103s9999 xx 000 0 und d
020 _cRs.50
040 _aLoreto College
041 _aEnglish
082 _a915.425
_bCHI
100 _aChib,Sukhdev Singh
245 _aThis beautiful India
_b Uttar Pradesh
_cSukhdev Singh Chib
260 _aNew Delhi
_bLight & Life Publishers
_cc 1978
300 _aviii,199 p.
_b ill.
504 _aIncludes bibliographical references and index
650 _aUttar Pradesh - Geography
850 _aLCLIB
942 _cBK
999 _c3550
_d54029